Rozpoznaj klub po stadionie 1 Liga 23/24 - Statystyki

Ogólne statystyki
  • Ten quiz został rozwiązany 308 razy
  • Średni wynik to 11 z 18
Statystyki odpowiedzi
Obrazkowy Odpowiedź % Poprawnych
Lechia Gdańsk
88%
Wisła Kraków
88%
GKS Katowice
84%
Arka Gdynia
71%
Bruk-Bet Termalica Nieciecza
71%
Podbeskidzie Bielsko-Biała
71%
Wisła Płock
69%
Górnik Łęczna
66%
Motor Lublin
64%
Odra Opole
64%
Stal Rzeszów
61%
Polonia Warszawa
57%
Zagłębie Sosnowiec
57%
GKS Tychy
56%
Miedź Legnica
49%
Znicz Pruszków
46%
Resovia Rzeszów
37%
Chrobry Głogów
35%
Nie znaleziono quizów pasujących do podanych kryteriów
Rozkład punktacji
Procent ludzi z każdym wynikiem
Percentyl według liczby udzielonych odpowiedzi
Twoja historia wyników
Nie rozwiązałeś tego quizu